000 00569nam a2200181Ia 4500
003 GCL
008 140319s9999 xx 000 0 ara d
040 _aGCL /
_cGCL
082 0 4 _a212
_bخ هـ
100 1 _aخالد محمد خالد
245 1 0 _aهذا او الطوفان (هدية من الاديب عبدالفتاح الجمل) /
_cخالد محمد خالد
300 _a207 ص
490 _a
650 0 4 _aالاسلام
650 0 4 _aالاخلاق الاسلامية
650 0 4 _aالاسلام والاصلاح الاجتماعى
942 _2ddc
_cBK
999 _c47040
_d47040